| 000 | 01023nam a22002535a 4500 | ||
|---|---|---|---|
| 003 | OSt | ||
| 005 | 20170314122444.0 | ||
| 008 | 170313s2015 ua frb 000 0 ara d | ||
| 015 | _a2015 / 27283 | ||
| 040 |
_aEG-ScBUE _bara _cEG-ScBUE |
||
| 043 | _af-ua--- | ||
| 082 | 0 | 4 |
_a345.620268 _bإ ب ر _222 |
| 100 | 1 | _aإبراهيم، مدحت محمد عبد العزيز. | |
| 245 | 1 | 2 |
_aالجرائم المعلوماتية الواقعة على النظام المعلوماتي : _bدراسة مقارنة / _cمدحت محمد عبد العزيز إبراهيم. |
| 250 | _aط. 1. | ||
| 260 |
_aالقاهرة : _bدار النهضة العربية، _c2015. |
||
| 300 |
_a190 ص. ؛ _c24 سم. |
||
| 504 | _aيشتمل على إرجاعات ببليوجرافية. | ||
| 650 | 7 |
_aجرائم الحاسبات الإلكترونية _2BUEsh _xقوانين وتشريعات _zمصر. |
|
| 650 | 7 |
_aالقانون الدولي الجنائي. _2BUEsh |
|
| 651 | _2BUEsh | ||
| 653 |
_bLLAAWW _cMarch2017 |
||
| 942 | _2ddc | ||
| 999 |
_c24419 _d24391 |
||